书目信息 |
| 题名: |
现代水资源保护规划
|
|
| 作者: | 史晓新 , 朱党生 , 张建永 编著 | |
| 分册: | ||
| 出版信息: | 北京 化学工业出版社 2005 |
|
| 页数: | 12,236页 | |
| 开本: | 21cm | |
| 丛书名: | 现代水资源环境保护理论与实践丛书 | |
| 单 册: | ||
| 中图分类: | TV213.4 | |
| 科图分类: | ||
| 主题词: | 水资源--资源保护 , 资源保护 | |
| 电子资源: | ||
| ISBN: | 7-5025-6478-0 | |
| 000 | 01127oam2 2200289 45 | |
| 001 | 012003965390 | |
| 005 | 20070805145449.70 | |
| 010 | @a7-5025-6478-0@dCNY28.00 | |
| 100 | @a20050530d2005 em y0chiy0110 ea | |
| 101 | 0 | @achi |
| 102 | @aCN@b110000 | |
| 105 | @ak z 000yy | |
| 106 | @ar | |
| 200 | 1 | @a现代水资源保护规划@Axian dai shui zi yuan bao hu gui hua@f史晓新,朱党生,张建永编著@Fshi xiao xin, zhu dang sheng, zhang jian yong bian zhu |
| 210 | @a北京@c化学工业出版社@d2005 | |
| 215 | @a12,236页@d21cm | |
| 225 | 2 | @a现代水资源环境保护理论与实践丛书@Axian dai shui zi yuan huan jing bao hu li lun yu shi jian cong shu |
| 330 | @a本书全面阐述了现代水资源保护规划的目的和意义、基本理论及技术方法。详细介绍了现代水资源保护规划工作程序、水功能区别、水资源保护对策措施等方面内容。 | |
| 461 | 0 | @12001 @a现代水资源环境保护理论与实践丛书 |
| 606 | 0 | @a水资源@x资源保护 |
| 606 | 0 | @a资源保护 |
| 690 | @aTV213.4@v4 | |
| 701 | 0 | @a史晓新@Ashi xiao xin@4编著 |
| 701 | 0 | @a朱党生@Azhu dang sheng@4编著 |
| 701 | 0 | @a张建永@Azhang jian yong@4编著 |
| 801 | 0 | @aCN@b北京图联@c20070805 |
| 905 | @dTV213.4@e42@f5 | |
| 现代水资源保护规划/史晓新,朱党生,张建永编著.-北京:化学工业出版社,2005 |
| 12,236页;21cm.-(现代水资源环境保护理论与实践丛书) |
| ISBN 7-5025-6478-0:CNY28.00 |
| 本书全面阐述了现代水资源保护规划的目的和意义、基本理论及技术方法。详细介绍了现代水资源保护规划工作程序、水功能区别、水资源保护对策措施等方面内容。 |
| ● |
| 相关链接 |
|
|
|
|
正题名:现代水资源保护规划
索取号:TV213.4/42
 
预约/预借
| 序号 | 登录号 | 条形码 | 馆藏地/架位号 | 状态 | 备注 |
| 1 | 0850846 | 208508462 | 第二样本阅览室/ [索取号:TV213.4/42] | 在馆 | |
| 2 | 0850847 | 208508471 | 第三借阅区/ [索取号:TV213.4/42] | 在馆 | |
| 3 | 0850848 | 208508480 | 第三借阅区/ [索取号:TV213.4/42] | 在馆 | |
| 4 | 0850849 | 208508499 | 第三借阅区/ [索取号:TV213.4/42] | 在馆 | |
| 5 | 0850850 | 208508505 | 第三借阅区/ [索取号:TV213.4/42] | 在馆 |